000 00608nam a2200193 a 4500
001 13669
003 CO-ViMGA
008 141112s2004 ck r 000 u spa d
020 _a9586371832
040 _aCO-ViMGA
_bspa
_cCO-ViMGA
082 0 4 _a980.2 R121d
100 1 _aRabanal, Daniel
_9368
245 1 0 _aEl diario de a bordo del almirante Cristobal Colon
260 _aSantafé de Bogotá :
_bIntermedio,
_c1992
300 _a82
650 1 4 _aAmérica - DESCUBRIMIENTO Y EXPLORACIONES - LITERATURA JUVENIL
_919937
650 1 4 _aCOLON, CRISTOBAL, 1451 - 1506 - LITERATURA JUVENIL
_919938
942 _2ddc
_cBK
999 _c24392
_d24392